Geography Quiz

Random Geography or State Quiz

Top Peach Producing States Quiz Stats

 Plays Quiz Updated Feb 22, 2017

Support Sporcle.
Go Orange.
Score 0/10 Timer 02:00
0 Plays Today
Weight (tons) US State % Correct
607,600California
94.7%
40,600Georgia
94.1%
68,900South Carolina
82.4%
12,850Washington
62.3%
6,990New York
59.8%
18,190Pennsylvania
51.6%
6,830Idaho
42.6%
11,200Colorado
40.8%
21,170New Jersey
39.3%
5,800West Virginia
36.6%

You're not logged in!

Compare scores with friends on all Sporcle quizzes.
OR
Log In
Forgot?

From the Vault

Longest Country Name by Letter

by wiggytitch

These country names just don't know when to quit.
Remove Ads.
Support Sporcle.
Get the best of Sporcle when you Go Orange. This ad-free experience offers more features, more stats, and more fun while also helping to support Sporcle. Thank you for becoming a member.

Show Comments

Extras

Top Quizzes Today


Score Distribution

Your Account Isn't Verified!

In order to create a playlist on Sporcle, you need to verify the email address you used during registration. Go to your Sporcle Settings to finish the process.

Report this User

Report this user for behavior that violates our Community Guidelines.

Details: